Слабоосновные соединения азота в нефтях и органическом веществе верхнеюрских отложений Западной Сибири; Известия Томского политехнического университета [Известия ТПУ]; Т. 314, № 3 : Химия

Dades bibliogràfiques
Parent link:Известия Томского политехнического университета [Известия ТПУ]/ Томский политехнический университет (ТПУ).— , 2000-
Т. 314, № 3 : Химия.— 2009.— [С. 132-136]
Autor principal: Яновская С. С.
Altres autors: Сагаченко Т. А.
Sumari:Заглавие с титульного листа
Электронная версия печатной публикации
Исследованы слабоосновные азотсодержащие соединения нефтей и органического вещества пород верхней юры Западной Сибири. Установлено, что в их составе присутствуют ароматические гетероциклические амиды типа пиридона, их гидрированные аналоги - лактамы, хинолин-, бензо- и дибензохинолинкарбоновые кислоты, тиапиридоны и тиахинолоны. Методом хромато-масс-спектрометрии в составе ароматических гетероциклических амидов идентифицированы С[1]-С[6]- алкилгомологи хинолона, бензохинолон и его гомологи С[1] и С[2].
Idioma:rus
Publicat: 2009
Col·lecció:Химия
Matèries:
Accés en línia:http://www.lib.tpu.ru/fulltext/v/Bulletin_TPU/2009/v314/i3/29.pdf
Format: MixedMaterials Electrònic Capítol de llibre
KOHA link:https://koha.lib.tpu.ru/cgi-bin/koha/opac-detail.pl?biblionumber=175110

MARC

LEADER 00000nla2a2200000 4500
001 175110
005 20231031165012.0
035 |a (RuTPU)RU\TPU\book\189875 
035 |a RU\TPU\book\189872 
090 |a 175110 
100 |a 20100209d2009 k y0rusy50 ca 
101 0 |a rus 
102 |a RU 
135 |a drnn ---uucaa 
181 0 |a i  
182 0 |a b 
200 1 |a Слабоосновные соединения азота в нефтях и органическом веществе верхнеюрских отложений Западной Сибири  |b Электронный ресурс  |f С. С. Яновская, Т. А. Сагаченко 
203 |a Текст  |c электронный 
215 |a 1 файл (344 Кб) 
225 1 |a Химия 
230 |a Электронные текстовые данные (1 файл : 344 Кб) 
300 |a Заглавие с титульного листа 
300 |a Электронная версия печатной публикации 
320 |a [Библиогр.: с. 136 (18 назв.)] 
330 |a Исследованы слабоосновные азотсодержащие соединения нефтей и органического вещества пород верхней юры Западной Сибири. Установлено, что в их составе присутствуют ароматические гетероциклические амиды типа пиридона, их гидрированные аналоги - лактамы, хинолин-, бензо- и дибензохинолинкарбоновые кислоты, тиапиридоны и тиахинолоны. Методом хромато-масс-спектрометрии в составе ароматических гетероциклических амидов идентифицированы С[1]-С[6]- алкилгомологи хинолона, бензохинолон и его гомологи С[1] и С[2]. 
337 |a Adobe Reader 
461 1 |0 (RuTPU)RU\TPU\book\176237  |t Известия Томского политехнического университета [Известия ТПУ]  |f Томский политехнический университет (ТПУ)  |d 2000- 
463 1 |0 (RuTPU)RU\TPU\book\189586  |x 1684-8519  |t Т. 314, № 3 : Химия  |v [С. 132-136]  |d 2009  |p 146 с. 
610 1 |a электронный ресурс 
610 1 |a верхняя юра 
610 1 |a нефти 
610 1 |a органическое вещество 
610 1 |a породы 
610 1 |a слабые азотистые основания 
610 1 |a распределение 
610 1 |a состав 
700 1 |a Яновская  |b С. С. 
701 1 |a Сагаченко  |b Т. А. 
801 1 |a RU  |b 63413507  |c 20090623  |g PSBO 
801 2 |a RU  |b 63413507  |c 20141114  |g PSBO 
856 4 |u http://www.lib.tpu.ru/fulltext/v/Bulletin_TPU/2009/v314/i3/29.pdf 
942 |c CF